| 000 | 00771nam a2200253Ia 4500 | ||
|---|---|---|---|
| 003 | OSt | ||
| 005 | 20220928120749.0 | ||
| 006 | a|||||r|||| 00| 0 | ||
| 007 | ta | ||
| 008 | 220927b |||||||| |||| 00| 0 eng d | ||
| 020 | _c1080 | ||
| 024 | _a110524 | ||
| 037 |
_b208, 06/01/2011, Pioneer Book Distributors _cTextual |
||
| 040 |
_aSDCL _cSDCL _beng |
||
| 041 |
_2eng _aeng |
||
| 082 | _aD6,8(B289SQL), P9 | ||
| 100 |
_aBayross Ivan _9450992 |
||
| 245 | 0 |
_aSQL,PL/SQL _b The programming language of Oracle. |
|
| 260 |
_aNew Delhi _bBPB Publications _c2009 |
||
| 300 |
_axii,470+xi p. _ccm. |
||
| 650 | _aI I C | ||
| 942 |
_hD6,8(B289SQL), P9 _cTEXL _2CC |
||
| 999 |
_c765120 _d765120 |
||